000 00401pab a2200145 454500
008 180718b2017 xxu||||| |||| 00| 0 eng d
100 _aZhai, Zhao et al
245 _aGovernmental governance of megaprojects: the case of EXPO 2010 Shanghai
260 _c2017
300 _ap.37-50.
362 _aFeb-Mar
650 _aProject management
773 _aProject Management Journal
909 _a114526
999 _c114520
_d114520